<?xml version="1.0" encoding="UTF-8"?>
<record
    xmlns:xsi="http://www.w3.org/2001/XMLSchema-instance"
    xsi:schemaLocation="http://www.loc.gov/MARC21/slim http://www.loc.gov/standards/marcxml/schema/MARC21slim.xsd"
    xmlns="http://www.loc.gov/MARC21/slim">

  <leader>00830nam a2200205 u 4500</leader>
  <controlfield tag="001">000062276</controlfield>
  <controlfield tag="005">20200120224222.0</controlfield>
  <controlfield tag="008">140716s        ck     gr|    000 0 spa d</controlfield>
  <datafield tag="041" ind1="0" ind2=" ">
    <subfield code="a">Nspa</subfield>
  </datafield>
  <datafield tag="043" ind1=" " ind2=" ">
    <subfield code="a">c-k----</subfield>
  </datafield>
  <datafield tag="090" ind1=" " ind2=" ">
    <subfield code="a">ALM</subfield>
    <subfield code="b">HISH</subfield>
  </datafield>
  <datafield tag="245" ind1="1" ind2="0">
    <subfield code="a">Historias m&#xE1;gicas :</subfield>
    <subfield code="b">mitos y leyendas de Cundinamarca : la tierra del condor /</subfield>
    <subfield code="c">Departamento de Cundinamarca Seccretar&#xED;a de Cultura</subfield>
    <subfield code="h">[registro sonoro]</subfield>
  </datafield>
  <datafield tag="260" ind1=" " ind2=" ">
    <subfield code="a">[Cundinamarca] :</subfield>
    <subfield code="b">Secretar&#xED;a de Cultura,</subfield>
    <subfield code="c">[s.f].</subfield>
  </datafield>
  <datafield tag="300" ind1=" " ind2=" ">
    <subfield code="a">2 cd (aprox. 120 min.) :</subfield>
    <subfield code="b">son. ;</subfield>
    <subfield code="e">14 cm.</subfield>
  </datafield>
  <datafield tag="650" ind1="1" ind2="7">
    <subfield code="a">Literatura colombiana</subfield>
    <subfield code="v">Compact disc</subfield>
    <subfield code="2">LEMB</subfield>
  </datafield>
  <datafield tag="650" ind1="1" ind2="7">
    <subfield code="a">Mitos y leyendas</subfield>
    <subfield code="z">Colombia</subfield>
    <subfield code="v">Compact disc</subfield>
    <subfield code="2">LEMB</subfield>
  </datafield>
  <datafield tag="650" ind1="1" ind2="7">
    <subfield code="a">Literatura adulto</subfield>
    <subfield code="v">Compact disc</subfield>
    <subfield code="2">LEMB</subfield>
  </datafield>
  <datafield tag="650" ind1="1" ind2="7">
    <subfield code="a">Mitos y leyendas</subfield>
    <subfield code="x">Narraciones</subfield>
    <subfield code="v">Compact disc</subfield>
    <subfield code="2">LEMB</subfield>
  </datafield>
  <datafield tag="710" ind1="2" ind2=" ">
    <subfield code="a">Departamento de Cundinamarca Seccretar&#xED;a de Cultura</subfield>
  </datafield>
  <datafield tag="999" ind1=" " ind2=" ">
    <subfield code="c">8534</subfield>
    <subfield code="d">8534</subfield>
  </datafield>
  <datafield tag="952" ind1=" " ind2=" ">
    <subfield code="0">0</subfield>
    <subfield code="1">0</subfield>
    <subfield code="4">0</subfield>
    <subfield code="7">0</subfield>
    <subfield code="8">LA</subfield>
    <subfield code="a">BPMOS</subfield>
    <subfield code="b">BPMOS</subfield>
    <subfield code="d">2020-01-20</subfield>
    <subfield code="l">0</subfield>
    <subfield code="o">ALMHISHMOS014231</subfield>
    <subfield code="o">cd.1 ej.1</subfield>
    <subfield code="p">MOS014231140716</subfield>
    <subfield code="p">MS</subfield>
    <subfield code="r">2020-01-20</subfield>
    <subfield code="w">2020-01-20</subfield>
    <subfield code="y">CDROM</subfield>
    <subfield code="z">Quince d&#xED;as</subfield>
    <subfield code="P">Perdido</subfield>
  </datafield>
  <datafield tag="952" ind1=" " ind2=" ">
    <subfield code="0">0</subfield>
    <subfield code="1">0</subfield>
    <subfield code="4">0</subfield>
    <subfield code="7">0</subfield>
    <subfield code="8">LA</subfield>
    <subfield code="a">BPMOS</subfield>
    <subfield code="b">BPMOS</subfield>
    <subfield code="d">2020-01-20</subfield>
    <subfield code="l">0</subfield>
    <subfield code="o">ALMHISHMOS014232</subfield>
    <subfield code="o">cd.2 ej.1</subfield>
    <subfield code="p">MOS014232140716</subfield>
    <subfield code="r">2020-01-20</subfield>
    <subfield code="w">2020-01-20</subfield>
    <subfield code="y">CDROM</subfield>
    <subfield code="z">Quince d&#xED;as</subfield>
  </datafield>
</record>
